000 00769nam a2200241Ia 4500
003 OSt
005 20220923212940.0
006 a|||||r|||| 00| 0
007 ta
008 220922b |||||||| |||| 00| 0 hin d
024 _a157,263
037 _cTextual
040 _aARTS
_cARTS
_bhin
041 _2hin
_ahin
082 _aO152:g(P), G0
100 _aश्यामसुन्दर दास
245 0 _aहिन्दी भाषा और साहित्य
246 _aHindī bhāṣhā aur sāhitya
260 _aप्रयाग
_b ्रइंडियन प्रेस
_c1930
300 _a539 पृ.
_ccm.
942 _hO152:g(P), G0
_cTEXL
_2CC
999 _c312480
_d312480